000 nam a22 7a 4500
999 _c10660
_d10660
008 180220b ||||| |||| 00| 0 eng d
100 _aMukherji,S.etal.
_96532
245 _aOur World Then and Now-1
260 _aNew Delhi
_bGoyal
_c2012